| 000 | 00515cam a22001817a 4500 | ||
|---|---|---|---|
| 020 | _a9251046379 | ||
| 040 | _cC3L | ||
| 082 | 0 | 0 | _a631 FOO 2001 A036 Co. |
| 245 | 0 | 0 | _aLecture notes on the major soils of the world / |
| 260 |
_aRome : _bFood and Agriculture Organization of the United Nations, _c2001. |
||
| 300 |
_avi, 334 p. : _bill., maps (some col.) ; _c30 cm. |
||
| 650 | 0 | _aSoils. | |
| 650 | 0 | _aSoils | |
| 650 | 0 | _aSoil geography. | |
| 650 | 0 | _aSoil formation. | |
| 700 | 1 | _aDriessen, P. M. | |
| 942 | _cEK | ||
| 999 |
_c11377 _d11377 |
||